Vzdelávanie: Prepojiť štúdium a prax

Logistické vzdelávanie v podmienkach Slovenskej republiky v počiatočnej fáze. Slabá podpora štátu pre vzdelávanie. Faktory, ktoré ovplyvňujú logistiku. Slabé prepojenie štúdia s praxou. Rastúci potenciál logistiky. Pomerne široká ponuka logistického vzdelávania. Študium logistiky na vysokých školách...

ver descrição completa

Na minha lista:
Detalhes bibliográficos
Autor principal: Brezovský, Jozef
Formato: Capítulo de Livro
Idioma:eslovaco
Assuntos:
Tags: Adicionar Tag
Sem tags, seja o primeiro a adicionar uma tag!

MARC

LEADER 00000naa a2200000 4500
001 0206298
005 20231011073816.7
041 0 |a slo 
044 |a CZ 
245 1 0 |a Vzdelávanie: Prepojiť štúdium a prax  |c Jozef Brezovský 
520 |a Logistické vzdelávanie v podmienkach Slovenskej republiky v počiatočnej fáze. Slabá podpora štátu pre vzdelávanie. Faktory, ktoré ovplyvňujú logistiku. Slabé prepojenie štúdia s praxou. Rastúci potenciál logistiky. Pomerne široká ponuka logistického vzdelávania. Študium logistiky na vysokých školách. 
610 2 0 |a vzdelávanie 
610 2 0 |a vzdelávanie celoživotné 
610 2 0 |a vzdelávanie vysokoškolské 
610 2 0 |a logistika 
610 2 0 |a školy vysoké 
610 2 0 |a trh práce 
100 1 |a Brezovský, Jozef